Statistics for Name That Hip Hop Artist

Click here to take the quiz!

General Stats

  • This quiz has been taken 3,452 times
    (3,451 since last reset)
  • The average score is 8 of 15

Answer Stats

HintAnswer% Correct
Gin and JuiceSnoop Dogg
92%
It Was A Good DayIce Cube
83%
Hail MaryTupac
79%
21 Questions50 Cent
73%
YonkersTyler The Creator
55%
Roc BoysJay-Z
54%
Gimmie The LootNortorious B.I.G.
53%
We Found LoveRihanna
48%
Crew LoveDrake
47%
She WillLil Wayne
44%
Blame GameKanye West
40%
NovacaneFrank Ocean
37%
I CanNas
36%
Strange CloudsB.O.B.
34%
64MellowHype
4%

Score Distribution

Percentile by Number Answered

Percent of People with Each Score

Your Score History

You have not taken this quiz since the last reset